000 01126nam0a22002531 4500
001 rc\46772
005 20260406120957.0
035 _a(NLR Aleph) 005326878
090 _a6548848
_c6548848
100 _a20021216d1994 |||y0rusy50 ca
101 0 _arus
102 _aRU
105 _aa |||||||||
200 1 _aДиагностика, лечение и профилактика заболеваний сельскохозяйственных животных
_eСб. науч. тр.
_fСтавроп. гос. с.-х. акад.
_g[Редкол.: Дмитриев А.Ф. (отв. ред.) и др.]
210 _aСтаврополь
_cСтавроп. ГСХА
_d1994 (1995)
215 _a83, [3] с.
_cпортр.
_d20
320 _aБиблиогр. в конце ст.
702 1 _aДмитриев
_bА.Ф.
_gАнатолий Федорович
_4340
712 0 2 _aСтавропольская государственная сельскохозяйственная академия
_3RU\NLR\AUTH\8813501
_9300006
801 0 _aRU
_bNLR
_gpsbo
801 1 _aRU
_bELAR
_2rusmarc
852 _aNLR
_j96-4/331
942 _cBOOK
980 _aNB